000 00642nam a2200205Ia 4500
003 OSt
005 20260417130123.0
008 210210b1983 xxu||||| |||| 00| 0 eng d
040 _cAL
041 _aKannada
082 _a914.04K HARO
100 _aHARIDASA BHATTA (Ku Shi).
_dಕು. ಶಿ. ಹರಿದಾಸ ಭಟ್ಟ
_9262065
245 _aVomme Rashiya innomme Italiya.
_bಒಮ್ಮೆ ರಶಿಯಾ ಇನ್ನೊಮ್ಮೆ ಇತಾಲಿಯಾ
260 _aMaisuru
_bGita Buk Haus
_c1983
300 _a230
650 _aRashiya Iteli Pravasa
_9262066
690 _aTravel
_9262067
906 _a037507
942 _2ddc
_cBK
999 _c88010
_d88010